000 00542nam a2200181Ia 4500
008 180921t1970 xxu||||| |||| 00| 0 sin d
041 _asin
080 _a51:794
_bPER
100 _aPerera, S.P.
245 _aශබිද , ගණිතය, ප්‍රයෝගික නිගාමික ප්‍රහේලිකා
246 _aShabda, ganithaya, prayoogika, nigaamika prehelika
260 _b
_c1970
300 _a269p., 24 cm
650 _aPuzzle
942 _cBK
999 _c17959
_d17959
003 LK-CoDNM
040 _aLK-CoDNM
_dLK-CoDNM
_eLK-CoDNM